The Woodlanders (Record no. 5149)

000 -LEADER
fixed length control field 00333 a2200133 4500
020 ## - INTERNATIONAL STANDARD BOOK NUMBER
International Standard Book Number 1-85326-293-5
040 ## - CATALOGING SOURCE
Original cataloging agency DLC
Language of cataloging DLC
100 1# - MAIN ENTRY--PERSONAL NAME
Personal name Hardy, Thomas,
245 04 - TITLE STATEMENT
Title The Woodlanders
Statement of responsibility, etc. Hardy, Thomas
260 ## - PUBLICATION, DISTRIBUTION, ETC.
Place of publication, distribution, etc. Chatham :
Name of publisher, distributor, etc. Wordsworth Classics,
Date of publication, distribution, etc. 1996
300 ## - PHYSICAL DESCRIPTION
Extent 305 p. ;
Dimensions 20 cm.
650 #4 - SUBJECT ADDED ENTRY--TOPICAL TERM
Topical term or geographic name entry element Roman
942 ## - ADDED ENTRY ELEMENTS (KOHA)
Koha item type Book
Call number prefix 823.912 HAR
Source of classification or shelving scheme
Holdings
Withdrawn status Lost status Damaged status Not for loan Collection code Permanent Location Current Location Shelving location Date acquired Source of acquisition Cost, normal purchase price Total Checkouts Full call number Barcode Date last seen Date last checked out Price effective from Koha item type
          Central Library (CL) Central Library (CL) Fiction 01/05/2005 Academic Book Company 126.00 2 823.912 HAR SEECS005213 02/15/2016 01/14/2016 01/05/2017 Book
© 2023 Central Library, National University of Sciences and Technology. All Rights Reserved.